000 01007nam a22003617a 4500
001 BR0901965
003 BR-BrBNA
005 20230928102908.0
007 ta
008 230509b bl.||||| |||| 00| 0 por d
040 _aBR-BrBNA
_bpor
_cBiblioteca Nacional de Agricultura
041 _a(Por)
072 _aE16; E71
_b2120
090 _ 2120 BR0901965
100 1 _aCaixeta, G.Z.T.
100 1 _aRosado, P.L.
100 1 _aLima, J.E. de
100 1 _aGomes, M.F.M.
110 1 _aEmpresa de Pesquisa Agropecuária de Minas Gerais, Belo Horizonte (Brasil)
245 1 _aParcelas de participação, qualidade e preço do café no mercado mundial
260 3 _aBelo Horizonte, MG (Brasil):
_c2000.
300 _a48 p.
500 _a47 tables
650 _aCAFÉ
650 _aPREÇO
650 _aQUALIDADE
650 _aMERCADO MUNDIAL
650 _aIMPORTAÇÃO
650 _aEXPORTAÇÃO
650 _aDADOS ESTATÍSTICOS
909 _a202309
_bLucia
_c55
_dLucia Elande
942 _cBK
999 _c72885
_d72885